[Event "EU-ch 25th"]
[Site "Eforie Nord"]
[Date "2025.03.22"]
[Round "7"]
[White "Radu, David Cr"]
[Black "Cazan, Mircea Andrei"]
[Result "1-0"]
[WhiteElo "2164"]
[BlackElo "1967"]
[PlyCount "79"]
[EventDate "2025.03.15"]
[EventType "swiss"]
[EventRounds "11"]
[EventCountry "ROU"]
[SourceTitle "CB13_2025"]
[SourceDate "2025.03.26"]
[SourceVersion "1"]
[SourceVersionDate "2025.03.26"]
[SourceQuality "1"]

1. e4 c5 2. Nf3 Nc6 3. d4 cxd4 4. Nxd4 Nf6 5. Nc3 d6 6. Bg5 e6 7. Qd2 a6 8. 0-0-0 Bd7 9. f3 Nxd4 10. Qxd4 Be7 11. Kb1 Qc7 12. Qd2 b5 13. Ne2 Rc8 14. Rc1 0-0 15. h4 a5 16. Nd4 b4 17. Bd3 Rb8 18. g4 Rfc8 19. Ka1 a4 20. c4 bxc3 21. Rxc3 Qb6 22. Be3 Qb7 23. g5 Ne8 24. Rxc8 Rxc8 25. h5 Nc7 26. Qg2 Nb5 27. e5 dxe5 28. Bxh7+ Kf8 29. Be4 Qc7 30. Nxb5 Bxb5 31. g6 f5 32. h6 Bf6 33. h7 Ke7 34. h8Q Rxh8 35. Rxh8 fxe4 36. fxe4 Qc4 37. Bg5 Qf1+ 38. Qxf1 Bxf1 39. Bxf6+ Kxf6 40. Rf8+ 1-0

[Event "EU-ch 25th"]
[Site "Eforie Nord"]
[Date "2025.03.18"]
[Round "4"]
[White "Shohat, Yotam"]
[Black "Radu, David Cr"]
[Result "1-0"]
[WhiteElo "2386"]
[BlackElo "2164"]
[PlyCount "73"]
[EventDate "2025.03.15"]
[EventType "swiss"]
[EventRounds "11"]
[EventCountry "ROU"]
[SourceTitle "CB13_2025"]
[SourceDate "2025.03.26"]
[SourceVersion "1"]
[SourceVersionDate "2025.03.26"]
[SourceQuality "1"]

1. e4 c6 2. d4 d5 3. e5 Bf5 4. Nf3 e6 5. Be2 h6 6. 0-0 Nd7 7. Nbd2 Ne7 8. Nb3 Qc7 9. c3 b6 10. Bd2 c5 11. c4 dxc4 12. Bxc4 Be4 13. Rc1 Qb7 14. dxc5 bxc5 15. Na5 Qc7 16. Re1 Bd5 17. Nd4 a6 18. Qa4 Qb6 19. Ndb3 Bc6 20. Nxc6 Qxc6 21. Qa3 Nd5 22. Na5 Qc8 23. Bxd5 exd5 24. Qd3 Be7 25. Qxd5 Nb6 26. Qb3 Qe6 27. Qxe6 fxe6 28. Be3 Nd5 29. Bxc5 Bxc5 30. Rxc5 Nb4 31. Rd1 0-0 32. Nc6 a5 33. a3 Nxc6 34. Rxc6 Rab8 35. Rd2 Rfc8 36. Rxc8+ Rxc8 37. f4 1-0

[Event "EU-ch 25th"]
[Site "Eforie Nord"]
[Date "2025.03.16"]
[Round "2"]
[White "Robescu, Andrei Georgian"]
[Black "Radu, David Cr"]
[Result "0-1"]
[WhiteElo "1613"]
[BlackElo "2164"]
[PlyCount "76"]
[EventDate "2025.03.15"]
[EventType "swiss"]
[EventRounds "11"]
[EventCountry "ROU"]
[SourceTitle "CB13_2025"]
[SourceDate "2025.03.26"]
[SourceVersion "1"]
[SourceVersionDate "2025.03.26"]
[SourceQuality "1"]

1. d4 d5 2. Nf3 e6 3. Bf4 Nf6 4. e3 Bd6 5. Nbd2 0-0 6. c3 b6 7. Ne5 Bb7 8. Bd3 Ne4 9. 0-0 f6 10. Nef3 Nd7 11. Bxd6 cxd6 12. c4 f5 13. cxd5 Bxd5 14. Bc4 Bxc4 15. Nxc4 Rf6 16. Nfd2 d5 17. Ne5 Nxe5 18. dxe5 Rf7 19. f4 Rc7 20. Nxe4 fxe4 21. Qd2 Rac8 22. Rac1 g6 23. Rfd1 Kg7 24. Rf1 a5 25. Rfd1 Qd7 26. Rc3 Rxc3 27. bxc3 Qb5 28. Kf2 Rc4 29. Rc1 Qc5 30. Rc2 b5 31. Rb2 Qc6 32. Qe2 h5 33. h3 a4 34. Qf1 Qc5 35. Qe2 a3 36. Rb3 Rxc3 37. Rxc3 Qxc3 38. Qxb5 Qb2+ 0-1

[Event "ROM-chT"]
[Site "Mamaia"]
[Date "2024.10.01"]
[Round "4.6"]
[White "Nastore, Pavel Alexandru"]
[Black "Radu, David Cr"]
[Result "1-0"]
[WhiteElo "2252"]
[BlackElo "2159"]
[PlyCount "79"]
[EventDate "2024.09.28"]
[EventType "team-tourn"]
[EventRounds "9"]
[EventCountry "ROU"]
[SourceTitle "EXT 2025"]
[Source "ChessBase"]
[SourceDate "2024.10.14"]
[SourceVersion "1"]
[SourceVersionDate "2024.10.14"]
[SourceQuality "1"]
[WhiteTeam "Timisoara Vest Univ"]
[BlackTeam "Ploiesti Univ"]
[WhiteTeamCountry "ROU"]
[BlackTeamCountry "ROU"]

1. e4 e5 2. Nf3 Nc6 3. Bb5 a6 4. Ba4 Nf6 5. 0-0 Be7 6. Re1 b5 7. Bb3 0-0 8. d3 d6 9. a4 Bb7 10. Nc3 b4 11. Ne2 Re8 12. Ng3 g6 13. Bg5 Bc8 14. h3 Na5 15. Ba2 c5 16. c3 Rb8 17. d4 Qc7 18. cxb4 Rxb4 19. dxe5 dxe5 20. Bd2 c4 21. Bxb4 Bxb4 22. Re2 Nd7 23. Nf1 Bb7 24. Qc2 Rc8 25. Rc1 Nb6 26. Ne3 Qe7 27. Nd2 Nc6 28. Nf3 Na5 29. Qb1 Kg7 30. Nd2 Qe6 31. Ndxc4 Naxc4 32. Nxc4 Rxc4 33. Rxc4 Nxc4 34. Qc1 a5 35. Qxc4 Qf6 36. Re3 Ba6 37. Qd5 Qe7 38. Rf3 f6 39. Qg8+ Kh6 40. Qe6 1-0

[Event "EU-ch U16"]
[Site "Prague"]
[Date "2024.08.29"]
[Round "7"]
[White "Radu, David Cr"]
[Black "Kozlovic, Jernej"]
[Result "1/2-1/2"]
[WhiteElo "2159"]
[BlackElo "2334"]
[PlyCount "98"]
[EventDate "2024.08.22"]
[EventType "swiss"]
[EventRounds "9"]
[EventCountry "CZE"]
[SourceTitle "CBM 221 Extra"]
[Source "ChessBase"]
[SourceDate "2024.09.30"]
[SourceVersion "1"]
[SourceVersionDate "2024.09.30"]
[SourceQuality "1"]

1. e4 e5 2. Nf3 Nc6 3. Bb5 a6 4. Ba4 Nf6 5. 0-0 b5 6. Bb3 Bc5 7. c3 d6 8. h3 0-0 9. Re1 Bb6 10. d3 Na5 11. Bc2 c5 12. Nbd2 Nc6 13. Nf1 h6 14. a4 Be6 15. Ng3 d5 16. axb5 axb5 17. Rxa8 Qxa8 18. exd5 Bxd5 19. Nf5 Rd8 20. Bd2 c4 21. dxc4 Bxf3 22. gxf3 bxc4 23. Qc1 Qa7 24. Bxh6 Bxf2+ 25. Kh1 g6 26. Rd1 Rxd1+ 27. Qxd1 Qd7 28. Qxd7 Nxd7 29. Nd6 Nb6 30. Ne4 Bh4 31. Be3 Nd5 32. Bg1 Na5 33. Nd6 f5 34. Nxc4 Nxc4 35. Bb3 Nxb2 36. Bxd5+ Kf8 37. c4 Nd3 38. c5 Bf2 39. c6 Ke7 40. Bf7 Bxg1 41. Kxg1 Nf4 42. h4 Kd6 43. Be8 Kc7 44. Kf2 Kd6 45. Kg3 Kc7 46. Kf2 Kd8 47. Bf7 Nd3+ 48. Ke3 Nf4 49. Kf2 Kc8 1/2-1/2

[Event "Timisoara Foisor Memorial Rapid"]
[Site "Timisoara"]
[Date "2024.08.03"]
[Round "3"]
[White "Radu, David Cr"]
[Black "Koellner, Ruben Gideon"]
[Result "0-1"]
[WhiteElo "2159"]
[BlackElo "2490"]
[PlyCount "70"]
[EventDate "2024.08.03"]
[EventType "swiss (rapid)"]
[EventRounds "9"]
[EventCountry "ROU"]
[SourceTitle "CBM 221 Extra"]
[Source "ChessBase"]
[SourceDate "2024.09.30"]
[SourceVersion "1"]
[SourceVersionDate "2024.09.30"]
[SourceQuality "1"]

1. e4 d6 2. d4 Nf6 3. Bd3 e5 4. c3 Nbd7 5. Nf3 d5 6. dxe5 dxe4 7. exf6 exf3 8. 0-0 Qxf6 9. Nd2 Ne5 10. Re1 Be7 11. Nxf3 Nxf3+ 12. Qxf3 Qxf3 13. gxf3 Be6 14. Bf4 0-0-0 15. Bf5 Bxf5 16. Rxe7 Rd7 17. Rae1 Be6 18. Rxd7 Kxd7 19. a4 a5 20. b4 Ra8 21. Rd1+ Kc8 22. b5 b6 23. Rd4 Kb7 24. Kg2 Re8 25. c4 Re7 26. Be3 Rd7 27. Rh4 h6 28. c5 bxc5 29. Bxc5 Rd5 30. Be3 Rf5 31. Bd2 Bd5 32. Bxa5 Rxf3 33. Kf1 Ra3 34. Rd4 Be6 35. Kg2 Bh3+ 0-1

[Event "Brasov op"]
[Site "Brasov"]
[Date "2024.07.20"]
[Round "8"]
[White "Raahul, VS."]
[Black "Radu, David Cr"]
[Result "1/2-1/2"]
[WhiteElo "2314"]
[BlackElo "2151"]
[PlyCount "142"]
[EventDate "2024.07.15"]
[EventType "swiss"]
[EventRounds "9"]
[EventCountry "ROU"]
[SourceTitle "CBM 221 Extra"]
[Source "ChessBase"]
[SourceDate "2024.09.30"]
[SourceVersion "1"]
[SourceVersionDate "2024.09.30"]
[SourceQuality "1"]

1. c4 e6 2. Nc3 d5 3. d4 a6 4. cxd5 exd5 5. Bf4 c6 6. e3 Bd6 7. Bxd6 Qxd6 8. Bd3 Ne7 9. Qc2 g6 10. Nf3 0-0 11. 0-0 Bg4 12. Ne5 Bf5 13. Na4 Bxd3 14. Nxd3 Nc8 15. Qb3 Ra7 16. Ndc5 Qe7 17. Rac1 Nd6 18. Nb6 Re8 19. Rfe1 Qg5 20. Rcd1 a5 21. f3 Na6 22. e4 dxe4 23. Nxe4 Nxe4 24. fxe4 Nc7 25. d5 cxd5 26. exd5 Rxe1+ 27. Rxe1 Qd8 28. Qc3 Ra6 29. Qc5 Ne8 30. Nc8 Nd6 31. Ne7+ Kg7 32. Qc3+ f6 33. Re6 Ne8 34. Rxa6 bxa6 35. Qc5 Qd6 36. Qxd6 Nxd6 37. Kf2 Kf7 38. Nc6 Nc4 39. b3 Nb6 40. Nxa5 Nxd5 41. Nb7 Nb4 42. a3 Nc2 43. a4 Ke7 44. Ke2 Nd4+ 45. Kd3 Nxb3 46. Kc3 Nc1 47. Nc5 Kd6 48. Nxa6 h5 49. a5 Ne2+ 50. Kc4 Nf4 51. g3 Nd5 52. Nb4 Nc7 53. a6 g5 54. a7 f5 55. Na6 Na8 56. Kd4 Kc6 57. Ke5 f4 58. gxf4 gxf4 59. Kxf4 Kb7 60. Nc5+ Kxa7 61. Kg5 Nc7 62. Kxh5 Kb6 63. Ne4 Ne6 64. Ng5 Nf4+ 65. Kg4 Ng2 66. Kg3 Ne3 67. Kf3 Nf5 68. Ke4 Nh4 69. Nf3 Nxf3 70. Kxf3 Kc5 71. Kf4 Kd6 1/2-1/2

[Event "Brasov op"]
[Site "Brasov"]
[Date "2024.07.18"]
[Round "6"]
[White "Zaim, Marian"]
[Black "Radu, David Cr"]
[Result "0-1"]
[WhiteElo "1963"]
[BlackElo "2151"]
[PlyCount "124"]
[EventDate "2024.07.15"]
[EventType "swiss"]
[EventRounds "9"]
[EventCountry "ROU"]
[SourceTitle "CBM 221 Extra"]
[Source "ChessBase"]
[SourceDate "2024.09.30"]
[SourceVersion "1"]
[SourceVersionDate "2024.09.30"]
[SourceQuality "1"]

1. Nf3 c5 2. c4 Nc6 3. d4 cxd4 4. Nxd4 e5 5. Nb5 a6 6. Nd6+ Bxd6 7. Qxd6 Qe7 8. Qd2 Nf6 9. Nc3 0-0 10. e4 Rb8 11. a4 Nd4 12. Ra3 d6 13. Bd3 Be6 14. 0-0 Nd7 15. Ne2 Nc6 16. Rd1 Nc5 17. b3 a5 18. Bb2 Rbd8 19. Bb1 f5 20. exf5 Bxf5 21. Bxf5 Rxf5 22. Bc3 Rxf2 23. Re1 Qf7 24. Qe3 Rf8 25. Ng3 h5 26. h3 Qg6 27. Rf1 Rxf1+ 28. Nxf1 Qb1 29. Qe1 Qxe1 30. Bxe1 Nd4 31. Ne3 Ndxb3 32. Nd5 Kh7 33. Bh4 Nd2 34. Be7 Rf1+ 35. Kh2 Nce4 36. Bd8 Rc1 37. g4 Nxc4 38. Rb3 Nc5 39. Rf3 e4 40. Rf5 Rc2+ 41. Kh1 Nd3 42. Ne7 Nf2+ 43. Kg1 Nxh3+ 44. Kh1 Nf2+ 45. Kg1 Nxg4 46. Rg5 Nce5 47. Rxh5+ Nh6 48. Nd5 Nf3+ 49. Kf1 Kg6 50. Nf4+ Kf7 51. Bxa5 Ng4 52. Ne2 d5 53. Rf5+ Kg8 54. Bb6 Rb2 55. Bc5 d4 56. Rf8+ Kh7 57. Bxd4 Rxe2 58. Kxe2 Nxd4+ 59. Ke1 e3 60. Rf4 Ne5 61. Re4 Nef3+ 62. Kd1 e2+ 0-1

[Event "Cluj GP Rapid"]
[Site "Cluj"]
[Date "2024.06.14"]
[Round "5"]
[White "Radu, David Cr"]
[Black "Ghita, Vlad Bogdan"]
[Result "1-0"]
[WhiteElo "2151"]
[BlackElo "1955"]
[PlyCount "53"]
[EventDate "2024.06.13"]
[EventType "swiss (rapid)"]
[EventRounds "10"]
[EventCountry "ROU"]
[SourceTitle "CBM 220 Extra"]
[Source "ChessBase"]
[SourceDate "2024.07.31"]
[SourceVersion "1"]
[SourceVersionDate "2024.07.31"]
[SourceQuality "1"]

1. e4 c5 2. Nf3 d6 3. d4 cxd4 4. Nxd4 Nf6 5. Nc3 a6 6. h3 e6 7. g4 Nfd7 8. Be3 b5 9. Bg2 Bb7 10. 0-0 Be7 11. Qe2 0-0 12. Rad1 Nb6 13. a3 N8d7 14. f4 Qc7 15. g5 Nc4 16. Bc1 Nxa3 17. f5 e5 18. f6 exd4 19. fxe7 Rfe8 20. Nd5 Bxd5 21. exd5 Nxc2 22. Be4 Ne3 23. Bxe3 dxe3 24. Bxh7+ Kxh7 25. Qh5+ Kg8 26. Qxf7+ Kh7 27. Rd4 1-0

[Event "Cluj GP Rapid"]
[Site "Cluj"]
[Date "2024.06.13"]
[Round "4"]
[White "Balint, Adolf"]
[Black "Radu, David Cr"]
[Result "0-1"]
[WhiteElo "1858"]
[BlackElo "2151"]
[PlyCount "98"]
[EventDate "2024.06.13"]
[EventType "swiss (rapid)"]
[EventRounds "10"]
[EventCountry "ROU"]
[SourceTitle "CBM 220 Extra"]
[Source "ChessBase"]
[SourceDate "2024.07.31"]
[SourceVersion "1"]
[SourceVersionDate "2024.07.31"]
[SourceQuality "1"]

1. d4 d5 2. c4 e6 3. Nf3 a6 4. g3 dxc4 5. Bg2 Bd7 6. Ne5 Bc6 7. Nxc6 Nxc6 8. Bxc6+ bxc6 9. Qa4 Qd5 10. 0-0 Qb5 11. Qc2 Nf6 12. Nd2 h5 13. Nxc4 h4 14. Ne5 hxg3 15. hxg3 c5 16. a4 Qb7 17. f3 cxd4 18. a5 Bd6 19. Bf4 g5 20. Qa4+ Qb5 21. Qxb5+ axb5 22. Bxg5 Bxe5 23. f4 Ne4 24. Bh4 Bd6 25. Rfd1 Bc5 26. Kg2 Ra6 27. b4 Ba7 28. Rac1 c5 29. bxc5 Bxc5 30. e3 0-0 31. exd4 Bb4 32. d5 Ba3 33. Ra1 Bb2 34. Rab1 Nc3 35. Rxb2 Nxd1 36. Rxb5 Ne3+ 37. Kf3 Nxd5 38. g4 Rfa8 39. Be1 Rc6 40. f5 Rc1 41. Bd2 Rc2 42. Be1 Kg7 43. g5 Rac8 44. g6 R2c5 45. Rb7 R8c7 46. Rb8 exf5 47. gxf7 Kxf7 48. a6 Ra7 49. Bf2 Rc3+ 0-1